000 00543nam a2200193Ia 4500
005 20250923144401.0
008 008 250917s9999 xx 000 0 eng d
037 _aReports
040 _aDSWL
_beng
_cDSWL
041 _aeng
_2eng
084 _aX8(J).2'N48t, N49
_qDSWL
245 0 _aReport of the Congress Agrarian Reforms Committee
260 _aNew Delhi
_b ALL INDIA CONGRESS COMMITTEE
_c1949
300 _a206p.
365 _aINR
_b5
925 _g5
942 _cREP
_hX8(J).2'N48t, N49
999 _c1438168
_d1438168